Central Library OPAC University of Rajshahi

বাংলাদেশের ইতিহাস / (Record no. 45043)

MARC details
000 -LEADER
fixed length control field 00844nam a2200229 a 4500
001 - CONTROL NUMBER
control field 45043
003 - CONTROL NUMBER IDENTIFIER
rucl marc code BD-RjUL
005 - DATE AND TIME OF LATEST TRANSACTION
control field 20211209053944.0
008 - FIXED-LENGTH DATA ELEMENTS--GENERAL INFORMATION
fixed length control field 150730s1981 bg 000 0 ben d
035 ## - SYSTEM CONTROL NUMBER
System control number (BD-RjUL)45161
040 ## - CATALOGING SOURCE
Original cataloging agency BD-RjUL
Transcribing agency BD-RjUL
Language of cataloging ben
Modifying agency BD-RjUL
041 ## - LANGUAGE CODE
Language code of text/sound track or separate title ben
082 ## - DEWEY DECIMAL CLASSIFICATION NUMBER
Edition number 23
Classification number 954.92
Author mark and year BAN 1981
245 ## - TITLE STATEMENT
Title বাংলাদেশের ইতিহাস /
Statement of responsibility, etc. মুহম্মদ আব্দুর রহিম ...[et al].
250 ## - EDITION STATEMENT
Edition statement 2nd. ed.
260 ## - PUBLICATION, DISTRIBUTION, ETC. (IMPRINT)
Place of publication, distribution, etc. ঢাকা :
Name of publisher, distributor, etc. নওরোজ কিতাবিস্তান,
Date of publication, distribution, etc. ১৯৮১
300 ## - PHYSICAL DESCRIPTION
Pagination ৬৩৮ পৃ. ;
Size ২১ সেমি.
650 ## - SUBJECT ADDED ENTRY--TOPICAL TERM
Topical term or geographic name as entry element বাংলাদেশ
Form subdivision ইতিহাস
9 (RLIN) 117208
Topical term or geographic name as entry element Bangladesh
Form subdivision History
9 (RLIN) 117209
700 ## - ADDED ENTRY--PERSONAL NAME
Personal name রহিম, মুহম্মদ আব্দুর
942 ## - ADDED ENTRY ELEMENTS (KOHA)
Source of classification or shelving scheme Dewey Decimal Classification
Koha item type Books
Holdings
Lost status Source of classification or shelving scheme Damaged status Not for loan Collection code Permanent Location Current Location Shelving location Date acquired Source of acquisition Cost, normal purchase price Total Checkouts Full call number Date last seen Date checked out Copy number Koha item type
  Dewey Decimal Classification     Non-fiction Central Library, University of Rajshahi Central Library, University of Rajshahi   28/07/1984 Dhaka University Library Organization 75.00 4 B 954.92 BAN 1981 17/08/2025 14/05/2025 C-2 Books
  Dewey Decimal Classification     Non-fiction Central Library, University of Rajshahi Central Library, University of Rajshahi   28/07/1987 Dhaka university Library 75.00 1 B 954.92 BAN 1981 14/02/2018 31/01/2018 C-3 Books
  Dewey Decimal Classification   Not For Loan Non-fiction Central Library, University of Rajshahi Central Library, University of Rajshahi Reading Room 17/06/1962 Aligore Library 75.00   B 954.92 BAN 1981 27/10/2022   C-1 Books